Flower and plant production in the green house (Record no. 36406)

MARC details
000 -LEADER
fixed length control field 00336nam a2200121Ia 4500
082 ## - DEWEY DECIMAL CLASSIFICATION NUMBER
Classification number 635.91.075:631.231
Item number NEL
100 ## - MAIN ENTRY--AUTHOR NAME
Personal name NELSON, Kennard S
245 #0 - TITLE STATEMENT
Title Flower and plant production in the green house
260 ## - PUBLICATION, DISTRIBUTION, ETC. (IMPRINT)
Place of publication Illinois
Name of publisher Interstate
Year of publication 1978
650 ## - SUBJECT ADDED ENTRY--TOPICAL TERM
Topical Term Floriculture
942 ## - ADDED ENTRY ELEMENTS (KOHA)
Koha item type Books
Holdings
Withdrawn status Lost status Damaged status Not for loan Home library Current library Date acquired Full call number Accession Number Koha item type
        RRII Library RRII Library 16/12/2021 635.91.075:631.231 NEL 16812 Books